ARRUPE JESUIT UNIVERSITY

CORONAVIRUS -STOP THE SPREAD - CLEAN,DISINFECT,COVER

Herbert W. Chitepo's epic poem--Soko risina musoro (The tale without a head) : (Record no. 126708)

MARC details
000 -LEADER
fixed length control field 00976nam a2200265 a 4500
001 - CONTROL NUMBER
control field 4832308
003 - CONTROL NUMBER IDENTIFIER
control field ARRUPE
005 - DATE AND TIME OF LATEST TRANSACTION
control field 20170821102741.0
008 - FIXED-LENGTH DATA ELEMENTS--GENERAL INFORMATION
fixed length control field 891201s1988 rh b 000 0 eng
010 ## - LIBRARY OF CONGRESS CONTROL NUMBER
LC control number 89980942
020 ## - INTERNATIONAL STANDARD BOOK NUMBER
International Standard Book Number 0908308485
040 ## - CATALOGING SOURCE
Original cataloging agency DLC
Transcribing agency DLC
050 00 - LIBRARY OF CONGRESS CALL NUMBER
Classification number PR9390.9
Item number C473 K17
082 00 - DEWEY DECIMAL CLASSIFICATION NUMBER
Classification number 896/.39751
Edition number 20
300 ## - PHYSICAL DESCRIPTION
Dimensions 21 cm.
100 1# - MAIN ENTRY--PERSONAL NAME
Personal name Kahari, George P.
9 (RLIN) 522
245 10 - TITLE STATEMENT
Title Herbert W. Chitepo's epic poem--Soko risina musoro (The tale without a head) :
Remainder of title a critique /
Statement of responsibility, etc George P. Kahari.
260 ## - PUBLICATION, DISTRIBUTION, ETC. (IMPRINT)
Place of publication, distribution, etc Harare :
Name of publisher, distributor, etc Longman Zimbabwe,
Date of publication, distribution, etc 1988.
300 ## - PHYSICAL DESCRIPTION
Extent 66 p. ;
504 ## - BIBLIOGRAPHY, ETC. NOTE
Bibliography, etc Includes bibliographical references (p. 66)
600 10 - SUBJECT ADDED ENTRY--PERSONAL NAME
Personal name Chitepo, H. W.
Title of a work Soko risina muroso.
9 (RLIN) 34931
700 12 - ADDED ENTRY--PERSONAL NAME
Personal name Chitepo, H. W.
Title of a work Soko risina muroso.
Language of a work English & Shona.
Date of a work 1988.
9 (RLIN) 34932
906 ## - LOCAL DATA ELEMENT F, LDF (RLIN)
a 7
b cbc
c orignew
d 3
e ncip
f 19
g y-gencatlg
942 ## - ADDED ENTRY ELEMENTS (KOHA)
Source of classification or shelving scheme Library of Congress Classification
Koha item type Monograph ( Printed materials)
Holdings
Withdrawn status Lost status Source of classification or shelving scheme Damaged status Not for loan Home library Current library Date acquired Total Checkouts Full call number Barcode Date last seen Price effective from Koha item type
    Library of Congress Classification     ARRUPE LIBRARY ARRUPE LIBRARY 21/08/2017   PR9390.9 C473 K17 46500009886 21/08/2017 21/08/2017 Monograph ( Printed materials)

 

Arrupe Library. PO Box MP320 Mt Pleasant, Harare, Zimbabwe
263 242 745411|librarian@aju.ac.zw